<?xml version="1.0" encoding="UTF-8"?>
<record
    xmlns:xsi="http://www.w3.org/2001/XMLSchema-instance"
    xsi:schemaLocation="http://www.loc.gov/MARC21/slim http://www.loc.gov/standards/marcxml/schema/MARC21slim.xsd"
    xmlns="http://www.loc.gov/MARC21/slim">

  <leader>00892nam a2200181 i 4500</leader>
  <controlfield tag="001">160501</controlfield>
  <controlfield tag="003">ES-MaACL</controlfield>
  <controlfield tag="005">20230906212043.0</controlfield>
  <controlfield tag="008">011127s1877    xxu          |||| | eng d</controlfield>
  <datafield tag="111" ind1="2" ind2=" ">
    <subfield code="a">National Prison Reform Congress (</subfield>
    <subfield code="n">4&#xBA;. </subfield>
    <subfield code="d">1876). </subfield>
    <subfield code="c">Nueva York)</subfield>
    <subfield code="9">135174</subfield>
  </datafield>
  <datafield tag="245" ind1="1" ind2="0">
    <subfield code="a">Transactions of the Fourth National Prison Reform Congress </subfield>
    <subfield code="b">: held at New York, june 6-9, 1876 : being the report of the National Prison Association of the United States, for the years 1874 and 1875 / </subfield>
    <subfield code="c">edited by E. C. Wines.</subfield>
  </datafield>
  <datafield tag="260" ind1=" " ind2=" ">
    <subfield code="a">New York : </subfield>
    <subfield code="b">Office of the Association, </subfield>
    <subfield code="c">1877.</subfield>
  </datafield>
  <datafield tag="300" ind1=" " ind2=" ">
    <subfield code="a">XVII, 629 p. ; </subfield>
    <subfield code="c">23 cm.</subfield>
  </datafield>
  <datafield tag="650" ind1=" " ind2="4">
    <subfield code="a">Establecimientos penitenciarios-</subfield>
    <subfield code="z">Estados Unidos.</subfield>
    <subfield code="9">12516</subfield>
  </datafield>
  <datafield tag="650" ind1=" " ind2="4">
    <subfield code="a">Establecimientos penitenciarios-</subfield>
    <subfield code="v">Congresos y asambleas.</subfield>
    <subfield code="9">163123</subfield>
  </datafield>
  <datafield tag="700" ind1="1" ind2=" ">
    <subfield code="a">Wines, Enoch Cobb (</subfield>
    <subfield code="d">1806-1879)</subfield>
    <subfield code="9">117073</subfield>
  </datafield>
  <datafield tag="852" ind1=" " ind2=" ">
    <subfield code="a">ES-MaACL</subfield>
    <subfield code="j">D-153 </subfield>
    <subfield code="z">- Enc. hol. </subfield>
    <subfield code="z">. - Donativo Lastres</subfield>
  </datafield>
  <datafield tag="999" ind1=" " ind2=" ">
    <subfield code="c">160501</subfield>
    <subfield code="d">160501</subfield>
  </datafield>
  <datafield tag="952" ind1=" " ind2=" ">
    <subfield code="0">0</subfield>
    <subfield code="1">0</subfield>
    <subfield code="4">0</subfield>
    <subfield code="7">0</subfield>
    <subfield code="8">LIBXIX</subfield>
    <subfield code="a">ATENEOM</subfield>
    <subfield code="b">ATENEOM</subfield>
    <subfield code="c">SVI</subfield>
    <subfield code="d">2008-01-17</subfield>
    <subfield code="e">SSC</subfield>
    <subfield code="l">0</subfield>
    <subfield code="o">D-153</subfield>
    <subfield code="p">901168056</subfield>
    <subfield code="r">2023-02-23 00:00:00</subfield>
    <subfield code="w">2023-02-23</subfield>
    <subfield code="y">MONANT</subfield>
  </datafield>
</record>
